[Event "Basel op"]
[Site "Basel"]
[Date "2018.01.05"]
[Round "6"]
[White "Wenner, Tobias"]
[Black "Haenggi, Markus"]
[Result "1-0"]
[WhiteElo "2145"]
[BlackElo "2065"]
[PlyCount "49"]
[EventDate "2018.01.02"]
[EventType "swiss"]
[EventRounds "9"]
[EventCountry "SUI"]
[SourceTitle "CBM 182 Extra"]
[Source "ChessBase"]
[SourceDate "2018.02.23"]
[SourceVersion "1"]
[SourceVersionDate "2018.02.23"]
[SourceQuality "1"]

1. Nf3 d5 2. g3 Nf6 3. Bg2 Bg4 4. d4 e6 5. 0-0 Nbd7 6. Nbd2 c6 7. Re1 Bd6 8. e4 Nxe4 9. Nxe4 dxe4 10. Rxe4 Nf6 11. Re1 Qb6 12. c3 h5 13. Qb3 Qc7 14. Ne5 0-0-0 15. Nc4 Nd5 16. Nxd6+ Qxd6 17. c4 Ne7 18. Bf4 Qd7 19. h3 Bf5 20. Rad1 b6 21. Qa4 Kb7 22. b4 a6 23. b5 axb5 24. cxb5 Nd5 25. Qa6# 1-0

[Event "Oberliga Baden 1718"]
[Site "Baden"]
[Date "2017.12.10"]
[Round "4.6"]
[White "Wenner, Tobias"]
[Black "Reinhardt, Bernd"]
[Result "0-1"]
[WhiteElo "2154"]
[BlackElo "2176"]
[PlyCount "66"]
[EventDate "2017.10.08"]
[EventType "team-tourn"]
[EventRounds "9"]
[EventCountry "GER"]
[SourceTitle "EXT 2019"]
[Source "ChessBase"]
[SourceDate "2018.10.10"]
[SourceVersion "1"]
[SourceVersionDate "2018.10.10"]
[SourceQuality "1"]
[WhiteTeam "Ladenburg"]
[BlackTeam "Buchen"]
[WhiteTeamCountry "GER"]
[BlackTeamCountry "GER"]

1. e4 g6 2. d4 Bg7 3. Nf3 d6 4. Nc3 Nd7 5. Be3 a6 6. a4 b6 7. Bd3 Bb7 8. Qd2 h6 9. 0-0 e6 10. h3 Ne7 11. Nh2 c5 12. dxc5 Nxc5 13. f4 f5 14. exf5 gxf5 15. Bxc5 bxc5 16. Qe2 Bd4+ 17. Kh1 Rg8 18. Qh5+ Kd7 19. Nf3 Qf8 20. Rfe1 Rg6 21. Bf1 Bf2 22. Red1 Kc7 23. Ne2 Qg7 24. b4 cxb4 25. Rab1 Nd5 26. Rxd5 Bxd5 27. Rxb4 Rg8 28. c4 Qa1 29. Nd2 Bxg2+ 30. Kh2 Bc6 31. Rb1 Qg7 32. Nf3 Rg2+ 33. Kh1 Rg1+ 0-1

[Event "Bayern-chI Bank Hofmann 21st"]
[Site "Tegernsee"]
[Date "2017.11.01"]
[Round "5"]
[White "Schnepp, Gunnar"]
[Black "Wenner, Tobias"]
[Result "1/2-1/2"]
[WhiteElo "2349"]
[BlackElo "2133"]
[PlyCount "51"]
[EventDate "2017.10.28"]
[EventType "swiss"]
[EventRounds "9"]
[EventCountry "GER"]
[SourceTitle "CBM 181 Extra"]
[Source "ChessBase"]
[SourceDate "2017.12.12"]
[SourceVersion "1"]
[SourceVersionDate "2017.12.12"]
[SourceQuality "1"]

1. Nf3 Nf6 2. d4 g6 3. c4 Bg7 4. Nc3 0-0 5. e4 d6 6. Be2 Na6 7. 0-0 e5 8. Re1 Qe8 9. Bg5 exd4 10. Qxd4 Ng4 11. Qd2 h6 12. Bh4 g5 13. Bg3 Ne5 14. Nd4 Be6 15. b3 Qd8 16. Nf5 Bxf5 17. exf5 Nc6 18. Bg4 Qf6 19. Nd5 Qd4 20. Qxd4 Bxd4 21. Rad1 Rfe8 22. Rxe8+ Rxe8 23. h3 Be5 24. Bxe5 Rxe5 25. a3 Na5 26. Rb1 1/2-1/2

[Event "Oberliga Baden 1718"]
[Site "Baden"]
[Date "2017.10.08"]
[Round "1.6"]
[White "Nabavi, Parwis"]
[Black "Wenner, Tobias"]
[Result "1/2-1/2"]
[WhiteElo "2197"]
[BlackElo "2133"]
[PlyCount "137"]
[EventDate "2017.10.08"]
[EventType "team-tourn"]
[EventRounds "9"]
[EventCountry "GER"]
[SourceTitle "EXT 2019"]
[Source "ChessBase"]
[SourceDate "2018.10.10"]
[SourceVersion "1"]
[SourceVersionDate "2018.10.10"]
[SourceQuality "1"]
[WhiteTeam "Dreisamtal"]
[BlackTeam "Ladenburg"]
[WhiteTeamCountry "GER"]
[BlackTeamCountry "GER"]

1. d4 Nf6 2. c4 g6 3. Nc3 Bg7 4. e4 d6 5. Nf3 0-0 6. Be2 e5 7. 0-0 Na6 8. Re1 Qe8 9. Bf1 Bg4 10. d5 Nb4 11. Qb3 a5 12. Ng5 b6 13. Bd2 Na6 14. Qc2 Nc5 15. b3 h6 16. h3 Bd7 17. Nf3 Kh7 18. g3 Ng8 19. Nh4 Bf6 20. Nf3 Bg7 21. g4 Kh8 22. a3 a4 23. b4 Nb3 24. Rad1 Nxd2 25. Qxd2 f5 26. Nh2 Bf6 27. f3 Bh4 28. Re2 Bg5 29. Qe1 fxg4 30. fxg4 Qe7 31. Nb5 Rac8 32. Na7 Rce8 33. Nc6 Bxc6 34. dxc6 Qf6 35. Rd3 Qe6 36. Qc3 Ne7 37. b5 Bf4 38. Nf3 g5 39. Qc2 Ra8 40. Rc3 Ng6 41. Rg2 Qf6 42. Be2 Rfd8 43. Qd1 Nf8 44. Ne1 Ne6 45. Nc2 Nc5 46. Bf3 Rf8 47. Nb4 Rf7 48. Qe1 Raf8 49. Nd5 Qg6 50. Qe2 Nb3 51. Qd1 Nc5 52. Re2 Bg3 53. Kg2 Bh4 54. Ree3 Nb3 55. Rcd3 Qg7 56. Rxb3 axb3 57. Qxb3 Qg6 58. Qd3 Qe6 59. a4 Ra8 60. Qd1 Ra5 61. Rc3 Qc8 62. Nb4 Ra8 63. Ra3 Qe6 64. Nd5 Raf8 65. Qd2 Qg6 66. Qe2 Kh7 67. Re3 Kh8 68. Qd3 Kh7 69. Qe2 1/2-1/2